[Event "Hokkaido.Ch2022"]
[Site "?"]
[Date "2022.03.27"]
[Round "4.5"]
[White "Nakamura, Mitsuru"]
[Black "Shimomura, Kensei"]
[Result "0-1"]
[WhiteElo "1406"]
[BlackElo "1240"]
[Annotator "Fritz 11 SE (30s)"]
[PlyCount "170"]
[SourceVersionDate "2022.03.28"]

{[%mdl 8192] D11: Slav Defence: 3 Nf3 sidelines and 3...Nf6 4 e3 Bg4} 1. d4 Nf6
2. Nf3 d5 3. c4 c6 4. e3 Nbd7 (4... Qb6 5. Nbd2 Bf5 6. b3 e6 7. Bb2 a5 8. a3
Nbd7 9. Be2 Be7 10. O-O O-O 11. h3 h6 12. c5 Qc7 13. b4 b5 14. a4 bxa4 15. Qxa4
Rfb8 16. b5 cxb5 17. Bxb5 Bxc5 18. Rfc1 Nb6 19. Qa2 {Fridman,D (2616)-Kamsky,G
(2692) playchess.com INT 2006 1-0 (35)}) 5. Nbd2 (5. b3 e6 6. Bb2 b6 7. Bd3 Bb7
8. O-O Be7 9. Nc3 c5 10. cxd5 exd5 11. Rc1 O-O 12. Qe2 Re8 13. Rfd1 Bd6 14. Ba6
Qc8 15. Bd3 a6 16. Bf5 Bc6 17. dxc5 bxc5 18. Na4 Bxa4 19. Bxf6 Bc6 {Tonkov,B 
(2294)-Trichkov,V (2338) Sunny Beach 2014 1/2-1/2 (31)}) 5... c5 $146 (5... g6
6. g3 (6. Bd3 Bg7 7. O-O O-O 8. h3 Re8 9. Qc2 e5 10. dxe5 Nxe5 11. Nxe5 Rxe5
12. Nf3 Rh5 13. Rd1 Qe7 14. Nd4 Ne4 15. Bxe4 dxe4 16. Ne2 Be5 17. Ng3 Rg5 18.
Qxe4 Bf5 19. Qf3 Bxg3 20. e4 Bxe4 {Straka,J (2305)-Varga,D (2364) Banska
Stiavnica 2011 1/2-1/2 (32)}) 6... Bg7 7. Bg2 O-O 8. O-O b5 9. cxd5 cxd5 10.
Nb3 Bb7 11. Bd2 a5 12. Qc2 Ne4 13. Rac1 Rc8 14. Qd3 Nxd2 15. Qxd2 a4 16. Rxc8
Qxc8 17. Rc1 Qa8 18. Nc5 Nxc5 19. Rxc5 Rc8 20. Qb4 {Wirig,A (2481)-Loiseau,Q 
(2403) Lille 2013 1/2-1/2}) (5... g6 6. Bd3 $11) 6. cxd5 $14 cxd4 7. Nxd4 Nxd5
8. Bc4 e6 {Consolidates d5+f5} 9. O-O N7b6 10. Qc2 (10. Bb3 Bc5 $16) 10... g6 {
Consolidates f5} (10... Bd7 11. Bb3 Rc8 12. Qd3 $11) 11. a3 (11. e4 $5 Nf6 12.
Bb5+ Bd7 13. e5 $16) 11... Nxc4 (11... Bg7 12. b3 $11) 12. Qxc4 {Black has the
pair of bishops} (12. Nxc4 $5 {should be examined more closely} Bd7 13. b3 $14)
12... Bg7 $11 13. N2f3 O-O {Black castles and improves king safety} 14. Rb1 (
14. e4 Nb6 15. Qb4 a5 $11) 14... Bd7 (14... e5 15. Nb5 a6 16. Rd1 axb5 17. Qxd5
$17) 15. Bd2 (15. e4 $5 Nb6 16. Qe2 $15) 15... Rc8 $17 16. Qb3 b6 (16... Qb6
$142 $5 $17) 17. e4 $11 {White threatens to win material: e4xd5} Ne7 18. Bg5 {
Black has a cramped position} e5 {Black threatens to win material: e5xd4} 19.
Ne2 {White has an active position} (19. Nb5 $5 a6 20. Nd6 $11) 19... Be6 $15 {
Black threatens to win material: Be6xb3} 20. Qb4 Re8 (20... f6 21. Rfd1 Qe8 22.
Bd2 $15) 21. Rbd1 (21. Rfd1 Qc7 $15) 21... Qc7 22. Bxe7 Rxe7 23. Rc1 {White
threatens to win material: Rc1xc7} Qd8 24. Nc3 a5 {Black threatens to win
material: a5xb4} 25. Qb5 (25. Qa4 $15) 25... Bc4 (25... Rd7 $142 $17) 26. Qa4
$2 (26. Nd5 $142 {and White can hope to survive} Rec7 27. Qxb6 Bxd5 28. Rxc7
Qxc7 29. Qxc7 Rxc7 30. exd5 $11) 26... Bxf1 (26... b5 27. Nxb5 Bxf1 28. Rxf1
$19) 27. Rxf1 $17 Re6 28. Nd5 Bf8 29. b4 (29. Rd1 Bh6 $17) 29... axb4 30. axb4
Ra8 31. Qb5 f5 (31... Ra7 $142 $5 $17) 32. exf5 gxf5 33. Ne3 (33. Qc4 b5 34.
Qb3 Ra3 35. Qxa3 Qxd5 $11) 33... e4 {Black gets more space} (33... f4 $142 34.
Ng4 Qe8 $17) 34. Ne5 $2 (34. Qxf5 Qf6 35. Qg4+ Qg6 $15) 34... Qg5 $4 {allows
the opponent back into the game} (34... Qe8 35. Qxe8 Raxe8 36. Nd7 $19) 35.
N3c4 $4 (35. Qd5 $142 {was possible} Rae8 36. Nd7 $11) 35... f4 $19 36. Qd7 $2
(36. Qd5 Rae8 37. Re1 $19) 36... Rxe5 37. Nxe5 (37. h4 {does not solve anything
} Qf6 38. Nxe5 Qxe5 $19) 37... Qxe5 38. Qb7 (38. g3 {cannot change what is in
store for White} f3 39. h4 Bxb4 $19) 38... Rb8 (38... Ra1 39. Qd7 Bxb4 40. Qc8+
Kg7 41. Qg4+ Kf7 42. Qe2 $19) 39. Qd7 (39. Qa6 {does not win a prize} b5 $19)
39... f3 (39... Bxb4 $142 {seems even better} 40. Rd1 Bc5 41. Rd5 $19) 40. g3 (
40. Qd2 $19 {what else?}) 40... Bxb4 41. Qg4+ (41. Qa4 {doesn't change the
outcome of the game} Bc5 42. Qa2+ Kf8 $19) 41... Kf7 (41... Kh8 42. Kh1 Bc5 43.
h3 $19) 42. Rb1 (42. Qh3 {is not much help} h5 43. Qd7+ Be7 $19) 42... Bc5 43.
Re1 (43. Qd7+ {cannot change destiny} Kg8 44. Rd1 $19) 43... e3 (43... Rd8 $142
{secures the win} 44. Kh1 Bxf2 $19) 44. Qxf3+ Ke7 (44... Kg8 $5 {makes it even
easier for Black} 45. fxe3 Rf8 46. Qg4+ Kh8 47. Qc4 $19) 45. fxe3 Rf8 46. Qe2 (
46. Qb7+ {doesn't get the bull off the ice} Ke6 47. Qc6+ Kf5 48. Rf1+ Kg5 49.
Rxf8 Qxe3+ 50. Kg2 Bxf8 51. Qd5+ Kf6 52. Qc6+ Qe6 53. Qf3+ Kg7 54. Qd3 $19)
46... Rb8 (46... Qe4 $142 $5 {keeps an even firmer grip} 47. Qg2 Rf3 48. Rd1
$19) 47. Kf1 $4 {there were better ways to keep up the pressure} (47. Qf3 b5
48. Kg2 $19) 47... Qf5+ (47... Qe4 $142 $5 {makes it even easier for Black} 48.
Qg2 Rf8+ 49. Kg1 $19) 48. Kg2 b5 (48... Rf8 $142 {seems even better} 49. e4
Qf2+ 50. Kh3 Qxe2 51. Rxe2 $19) 49. e4 Qd7 (49... Qe6 $142 $19 {and Black is
on the road to success}) 50. Qh5 $17 Qd2+ {Black forks: e1} (50... Qd4 51.
Qxh7+ Kd6 52. e5+ Kc6 53. Qg6+ Kc7 54. Qf7+ Kb6 55. Qe6+ Ka5 56. Qa2+ Qa4 $19)
51. Re2 $15 {White threatens to win material: Re2xd2} Qc1 $4 {Black has let it
slip away} (51... Qc3 $142 {was a good chance to save the game} 52. Qg5+ Kd7
53. Rd2+ Kc7 54. Qf4+ Kc8 $11) 52. Qe5+ $18 Kd7 (52... Kf7 {does not improve
anything} 53. Qxb8 Qg1+ 54. Kh3 Qf1+ 55. Rg2 $18) 53. Qxb8 Qg1+ 54. Kh3 Qf1+
55. Kh4 (55. Rg2 $142 {and White has triumphed} Bd6 56. Qg8 $18) 55... Qxe2 {
Black forks: h2+e4} (55... Be7+ 56. Kg4 Qxe2+ 57. Kh3 Qf1+ 58. Kg4 h5+ 59. Kxh5
Qh3+ 60. Kg6 Qg4+ 61. Kh6 Bg5+ 62. Kg6 Bf4+ 63. Kf6 Qe6+ 64. Kg7 Qh6+ 65. Kf7
Bxb8 66. Kg8 Be5 67. Kf7 Qg7#) 56. Qb7+ $11 {White skewers: h7} Kd8 57. Qd5+ {
White forks: c5} Ke8 58. Qxc5 Qxe4+ 59. Kh3 b4 60. Qb5+ Kf7 61. g4 (61. Qd7+
Kf6 62. Qd8+ Ke6 63. Qb6+ Ke5 64. Qa5+ Kd6 65. Qb6+ Kd7 66. Qa7+ Kc8 67. Qc5+
Kb7 68. Qb5+ Kc7 69. Qc5+ Kb8 70. Qb5+ Ka7 71. Qa5+ Kb7 72. Qb5+ Ka8 73. Qa6+
Kb8 74. Qb5+ Kc7 75. Qc5+ Kd8 76. Qb6+ Ke7 77. Qc7+ Kf8 78. Qb8+ Kf7 79. Qc7+
Kg6 80. Qd6+ Kg5 81. Qd8+ Kf5 82. Qd7+ Ke5 83. Qe7+ Kd5 84. Qb7+ Ke5 85. Qe7+
Kd5 86. Qb7+ Ke5 87. Qe7+ $11) 61... Qf3+ 62. Kh4 b3 {White has to watch this
pawn} (62... Qf2+ $142 63. Kh3 Qe3+ 64. Kg2 b3 65. Qd7+ Kf6 $15) 63. h3 $4 {
forfeits the advantage} (63. Qd7+ $142 {is just about the only chance} Kg6 64.
Qe8+ Kh6 65. Qe6+ Kg7 66. Qe7+ Qf7 67. Qg5+ Kf8 68. Qd8+ Qe8 69. Qf6+ Kg8 70.
Qg5+ Qg6 71. Qd8+ Kg7 72. Qe7+ Kh8 73. Qd8+ Qg8 74. Qd4+ Qg7 75. Qd8+ Qg8 76.
Qd4+ Qg7 77. Qd8+ Qg8 $11) 63... Qf2+ $19 64. Kh5 b2 65. Qb3+ $4 {White
crumbles in face of a dire situation} (65. Qd7+ Kf6 66. Qd8+ Ke6 67. Qe8+ Kd6
68. Qd8+ Kc6 69. Qe8+ Kb6 $19) 65... Kf6 (65... Kg7 $142 {secures the win} 66.
Qb4 h6 $19) 66. g5+ $4 {but even a better move would not have saved the game} (
66. Qc3+ Ke6 67. Qc4+ Kd6 68. Qa6+ Ke5 69. Qa5+ Ke4 70. Qa8+ Kd3 71. Qa3+ Kc2
72. Qa4+ Kd2 73. Qb4+ Kd1 74. Qd6+ Ke2 75. Qb8 Qf7+ 76. Kh4 Qf6+ 77. g5 $19)
66... Kg7 (66... Ke5 $142 $19 {ends the debate}) 67. Qc3+ $2 (67. Qd3 Qf7+ 68.
Kg4 Qe6+ 69. Kf4 Kg8 70. Qd8+ Kf7 71. Qc7+ Qe7 72. Qc4+ Kf8 73. Qc8+ Qe8 74.
Qc5+ Kg8 $11) 67... Kf8 {Loses material} (67... Kg8 68. Qd3 Qf4 $19) 68. Qb3 $4
(68. Qh8+ $142 {would bring relief} Ke7 69. Qxh7+ Kd6 70. Qd3+ Ke5 71. Qb5+ Kf4
72. g6 $11) 68... Qd2 (68... Qf7+ $142 {and Black has it in the bag} 69. Qxf7+
Kxf7 70. Kg4 $19) 69. Kh6 (69. Qf3+ {is not the saving move} Ke8 70. Qe4+ Kd8
$19) 69... Qc1 (69... Qf4 $142 {and the rest is a matter of technique} 70. Qa3+
Kg8 71. Qa2+ Qf7 72. Qa8+ Qf8+ 73. Qxf8+ Kxf8 $19) 70. Qf3+ Ke7 71. Qe4+ Kd7
72. Qxh7+ Kc6 73. Qe4+ Kc5 74. Qe7+ Kb5 75. Qb7+ Kc4 76. Qxb2 $4 {solves
nothing.} (76. Qe4+ $142 Kc3 77. Qf3+ Kd4 78. Qg4+ Ke5 79. Qe2+ Kd5 80. Qd3+
Kc5 81. Qa3+ Kd4 82. Qd6+ Ke4 83. Qg6+ Ke3 84. Qe6+ Kf2 85. Qf7+ Kg2 86. Qd5+
Kxh3 87. Qb3+ Kg4 88. Qa4+ Kg3 89. Qb3+ Kf4 90. Qb8+ Ke3 91. Qe8+ Kd4 92. Qd8+
Kc3 93. Qc8+ Kd3 94. Qf5+ Ke3 95. Qe5+ Kf2 96. Qd4+ Ke2 97. Qg4+ Ke3 98. Qh3+
Kf4 99. Qh2+ Kf5 100. Qf2+ Ke4 101. Qg2+ Ke5 102. Qg3+ Kd4 103. Qg4+ Kd5 104.
Qf5+ Kc4 105. Qf7+ Kc3 106. Qf3+ Kd2 107. Qd5+ Ke2 108. Qe6+ Kf2 109. Qf7+ Kg2
110. Qd5+ Kg1 111. Qd4+ Kh1 112. Qd5+ Kh2 113. Qd6+ Kh3 114. Qe6+ Kh4 115. Qe4+
Kg3 116. Qe5+ Kf3 117. Qd5+ Ke3 118. Qe5+ Kd3 119. Qf5+ Kd4 120. Qg4+ Kc5 121.
Qc8+ Kb4 122. Qf8+ Qc5 123. Qf4+ Qc4 124. Qf8+ Kc3 125. Qf3+ Qd3 126. Qf6+ Qd4
127. Qf3+ Kc4 128. Qb7 $19) 76... Qxb2 77. g6 Qh8+ 78. Kg5 Kd5 79. h4 (79. g7 {
a fruitless try to alter the course of the game} Qxg7+ 80. Kf4 Qh6+ 81. Kf3
Qxh3+ 82. Kf4 Qh6+ 83. Kf3 Qh1+ 84. Ke3 Qe4+ 85. Kf2 Qf4+ 86. Kg2 Ke4 87. Kg1
Kf3 88. Kh1 Qd2 89. Kg1 Qg2#) 79... Ke6 80. h5 (80. Kf4 {doesn't improve
anything} Qxh4+ 81. Ke3 Qh6+ 82. Kd4 Qxg6 83. Ke3 Ke5 84. Ke2 Qc2+ 85. Kf3 Qe4+
86. Kg3 Qe2 87. Kh4 Kf4 88. Kh3 Qc2 89. Kh4 Qh7#) 80... Ke7 (80... Qd4 81. g7
Qxg7+ 82. Kf4 Qe5+ 83. Kg4 Qf5+ 84. Kg3 Kf6 85. Kg2 Qxh5 86. Kg1 Qc5+ 87. Kh1
Ke5 88. Kg2 Kf4 89. Kh2 Qc2+ 90. Kh3 Qe2 91. Kh4 Qg4#) 81. h6 (81. Kg4 {
does not win a prize} Qf6 82. g7 Qxg7+ 83. Kf5 Qh7+ 84. Ke5 Qxh5+ 85. Kd4 Qg4+
86. Kd3 Qd7+ 87. Kc4 Qc8+ 88. Kd3 Qd8+ 89. Kc2 Ke6 90. Kb3 Kf7 91. Kc4 Qc7+ 92.
Kb4 Qb6+ 93. Kc3 Qe3+ 94. Kc4 Ke6 95. Kb5 Qc3 96. Kb6 Kd6 97. Kb5 Qb3+ 98. Ka5
Kc5 99. Ka6 Qb6#) 81... Qe5+ 82. Kg4 (82. Kh4 {doesn't get the bull off the ice
} Qf4+ 83. Kh3 Qxh6+ 84. Kg4 Qxg6+ 85. Kf3 Qd3+ 86. Kf2 Ke6 87. Kg1 Kf5 88. Kf2
Qd2+ 89. Kf3 Qd1+ 90. Ke3 Ke5 91. Kf2 Kf4 92. Kg2 Qe1 93. Kh2 Kf3 94. Kh3 Qg3#)
82... Kf8 (82... Kf6 83. g7 Kf7 84. h7 Qe4+ 85. Kg3 Qe3+ 86. Kg2 Kxg7 87. h8=B+
Kxh8 88. Kh2 Kg8 89. Kg2 Kh7 90. Kf1 Kh6 91. Kg2 Qe2+ 92. Kg1 Kg5 93. Kh1 Kf4
94. Kg1 Kf3 95. Kh1 Qg2#) 83. g7+ (83. h7 Kg7 84. Kf3 Qf6+ 85. Ke3 Kh8 86. Kd3
Qxg6+ 87. Kd4 Qg4+ 88. Kd5 Qg5+ 89. Kc6 Qd2 90. Kb6 Qf4 91. Ka7 Kxh7 92. Kb6
Qe3+ 93. Kc6 Qe6+ 94. Kb5 Qd5+ 95. Ka4 Qc6+ 96. Kb4 Kg6 97. Kb3 Qb6+ 98. Kc4
Qe6+ 99. Kc3 Qd7 100. Kb4 Kf6 101. Ka3 Qb5 102. Ka2 Ke5 103. Ka3 Kd4 104. Ka2
Kc3 105. Ka3 Qb3#) 83... Kg8 84. Kh4 (84. h7+ {is not the saving move} Kxh7 85.
g8=Q+ Kxg8 86. Kf3 Qe1 87. Kg2 Kh7 88. Kh2 Qe2+ 89. Kg3 Qe3+ 90. Kh2 Kg6 91.
Kg2 Qe2+ 92. Kh1 Kf5 93. Kg1 Kf4 94. Kh1 Kf3 95. Kg1 Qg2#) 84... Qf6+ (84...
Qf4+ 85. Kh3 Qxh6+ 86. Kg2 Qe6 87. Kf3 Qe7 88. Kf4 Kxg7 89. Kf3 Kf6 90. Kf2 Kf5
91. Kf3 Qe4+ 92. Kf2 Kf4 93. Kg1 Qe2 94. Kh1 Kf3 95. Kg1 Qg2#) 85. Kh5 (85. Kg3
{does not save the day} Qf5 86. Kg2 Qg5+ 87. Kf2 Qxh6 88. Ke1 Qe6+ 89. Kd2 Qh3
90. Kc1 Qc3+ 91. Kb1 Kxg7 92. Ka2 Kf6 93. Kb1 Ke5 94. Ka2 Kd4 95. Kb1 Qd2 96.
Ka1 Kc3 97. Kb1 Qb2#) 85... Kh7 (85... Kh7 86. g8=B+ Kxg8 87. h7+ Kxh7 88. Kg4
Kh6 89. Kg3 Qc3+ 90. Kh2 Qd2+ 91. Kh1 Kg5 92. Kg1 Kf4 93. Kf1 Kf3 94. Kg1 Qg2#)
0-1

[Event "Hokkaido.Ch2022"]
[Site "?"]
[Date "2022.03.27"]
[Round "4.6"]
[White "Kawamura, Takuto"]
[Black "Yoshii, Yukihiko"]
[Result "1-0"]
[WhiteElo "1462"]
[BlackElo "1724"]
[Annotator "Fritz 11 SE (30s)"]
[PlyCount "159"]
[SourceVersionDate "2022.03.28"]

{[%mdl 8192] D35: Queen's Gambit Declined: Exchange Variation} 1. d4 d5 2. c4
e6 3. Nc3 Nf6 4. Bg5 Be7 5. e3 O-O 6. cxd5 exd5 7. Bd3 Be6 8. Nf3 (8. Nge2 Nbd7
(8... c5 9. Bxf6 Bxf6 10. dxc5 Nd7 11. b4 a5 12. a3 Ne5 13. Rc1 b6 14. O-O axb4
15. axb4 bxc5 16. bxc5 Qa5 17. Nf4 Rfd8 18. Nce2 Bg4 19. f3 Bc8 20. Nd4 Qb4 21.
Rf2 Ra3 22. Nc2 Qxc5 23. Nxa3 {Hernandez Carmenates,H (2537)-Almeida Saenz,A 
(2334) Brownsville 2015 1-0}) 9. O-O c6 10. Qc2 h6 11. Bh4 Nh5 12. Bxe7 Qxe7
13. Rae1 g6 14. f3 Ng7 15. Qd2 Qg5 16. Nf4 Rae8 17. g3 h5 18. Qf2 h4 19. g4 c5
20. Nce2 Qe7 21. Nc3 Qg5 22. Nce2 Qe7 {Zilberman,Y (2513)-Zoler,D (2524)
Israel 1999 1-0 (38)}) 8... Nbd7 9. Rb1 $146 (9. O-O h6 10. Bh4 c5 11. Rc1 a6
12. Bb1 Re8 13. dxc5 Nxc5 14. Nd4 Rc8 15. Nf5 Bxf5 16. Bxf5 Ne6 17. Qf3 Rc5 18.
b4 Rc6 19. Bxf6 Bxf6 20. Nxd5 Ng5 21. Nxf6+ Qxf6 22. Qg4 Rxc1 23. Rxc1 g6 {
Klim,K (2339)-Krainski,A (2212) Gorzow Wielkopolski 2014 1-0 (34)}) 9... a6 {
Controls b5} 10. b4 b5 (10... a5 11. bxa5 c5 12. Rb5 Rxa5 13. Rxb7 $17) 11. h3
{Covers g4} c6 12. Qc2 h6 {Black threatens to win material: h6xg5} 13. Bf4 Rc8
14. O-O Re8 15. a3 Nf8 {White has an active position} (15... Nb6 16. Ra1 $11)
16. Ne2 Bd6 (16... N8d7 17. Bg3 $14) 17. Bxd6 (17. a4 Ng6 18. Bxd6 Qxd6 19.
Bxg6 fxg6 20. Qxg6 Bf7 $16) 17... Qxd6 $14 18. Rfc1 Rc7 (18... N8d7 19. Nf4 $14
) 19. Qc5 (19. a4 Rcc8 $16) 19... Qxc5 $14 20. Rxc5 N8d7 {Black threatens to
win material: Nd7xc5} 21. Rc2 Ne4 (21... Nb6 22. Rbc1 Nc4 23. a4 $14) 22. Nc1 {
[%cal Yb3a5,Yc1b3,Ye2c1] The knight aims for Ne2-c1-b3-a5} (22. Rbc1 $142 $5
Rec8 23. Ne5 $16) 22... f6 {Prevents intrusion on e5+g5} 23. Nb3 Rec8 24. Rbc1
Kf7 {Black king safety dropped} 25. Na5 {[%cal Ra5c6,Rc2c6,Gc7c6] Attacking
the backward pawn on c6. Menacing} Nb8 26. Bxe4 dxe4 27. Nd2 {White threatens
to win material: Nd2xe4} Bd5 {A comfortable square for the black bishop} 28. f3
f5 29. fxe4 fxe4 30. Kf2 {White king safety dropped} Ke7 31. Ndb3 Nd7 32. Kg3
Rf8 (32... g5 $5 $11) 33. Nxc6+ $16 Kd6 34. Nca5 Rxc2 35. Rxc2 g5 (35... Rf1
$142 $16) 36. Kg4 {White's piece can't move: a5} (36. Nc5 $142 Nxc5 37. dxc5+ (
37. Rxc5 $6 h5 $11) 37... Kc7 38. Rd2 $18) 36... Nf6+ $11 37. Kf5 Ne8+ 38. Kg4
Nf6+ {Twofold repetition} 39. Kg3 Nd7 40. Nd2 (40. Nc5 $5 Nxc5 41. dxc5+ Ke6
$16) 40... Nb6 41. Rc3 (41. Kh2 h5 $16) 41... h5 {White has a cramped position}
42. Nab3 (42. Rc2 Nc8 $14) 42... Na4 (42... h4+ $5 43. Kg4 Rf2 44. Kxg5 Rxg2+
45. Kf4 Rf2+ 46. Kg4 Rg2+ 47. Kxh4 Re2 $11) 43. Rc2 $14 Nb6 $2 (43... h4+ 44.
Kh2 Rf7 $16) 44. Nc5 $18 Nc4 45. Ndxe4+ (45. Nxc4+ $5 bxc4 46. Nxa6 Rf1 $16)
45... Bxe4 $16 46. Nxe4+ Kd5 47. Nxg5 Nxe3 $2 (47... Rg8 $142 48. Kh4 Nxe3 $16)
48. Rc5+ $18 Kd6 49. Nf3 (49. Ne4+ {seems even better} Ke7 50. Re5+ Kd8 $18)
49... Nf5+ 50. Kh2 h4 51. Kg1 Ng3 (51... Rf6 52. Rc1 $18) 52. Re5 Rf4 53. Re3 (
53. Kf2 $5 {keeps an even firmer grip} Nf5 54. Re8 Kd5 $18) 53... Nf5 54. Re5 (
54. Re8 $142 $18 {would have made live much easier for White}) 54... Nxd4 (
54... Ng3 55. Kf2 Rxd4 56. Rxb5 Rc4 57. Rb6+ Kc7 58. Rxa6 Rc2+ 59. Ke3 Nf1+ 60.
Kf4 Rxg2 $18) 55. Nxd4 $4 {White loses the upper hand} (55. Re3 Nf5 56. Rd3+
Kc7 $14) 55... Rxd4 $4 {A rook endgame occured. instead of simply winning the
game} (55... Kxe5 $142 {it becomes clear that Black will call all the shots}
56. Nf3+ Kf6 $19) 56. Re3 Kd5 (56... Rd2 57. Re4 Rd3 58. Rxh4 $14) 57. Kf2 $16
Rd2+ 58. Kf3 Kc4 (58... Kd4 $14) 59. Re6 {White threatens to win material:
Re6xa6} (59. g3 $142 $5 hxg3 60. Kxg3 $16) 59... Rd3+ $11 {Black forks: a3} 60.
Kg4 {White threatens to win material: Kg4xh4} Rxa3 61. Kxh4 Kxb4 (61... a5 $5 {
deserves consideration} 62. bxa5 b4 $11) 62. g4 $16 a5 63. g5 Ra1 $4 {cause
more grief} (63... Rd3 64. g6 Kc5 $18) 64. g6 $18 Rg1 (64... Rd1 65. g7 Rd8 $18
) 65. Re4+ Kb3 (65... Kc5 {does not help much} 66. Rg4 Rd1 67. g7 $18) 66. Rg4
Rxg4+ (66... Rd1 {the only chance to get some counterplay} 67. g7 Rd8 68. g8=Q+
Rxg8 69. Rxg8 a4 $18) 67. Kxg4 a4 68. g7 a3 (68... b4 69. g8=Q+ Ka3 70. Qf8 $18
) 69. g8=Q+ Kb2 70. Qg7+ Ka2 71. Qf7+ (71. Qc3 $142 {and White wins} Kb1 72.
Qxa3 Kc2 73. Qb4 Kd1 74. Qb2 b4 75. Kf3 b3 76. Ke3 Ke1 77. Qb1#) 71... Kb2 72.
Qf6+ Kb3 73. Qe6+ Ka4 74. Qa6+ (74. h4 Kb4 75. h5 Kc3 76. Qa6 Kb4 77. h6 Kc5
78. h7 a2 79. h8=Q a1=B 80. Qhc8+ Kd4 81. Qxa1+ Kd5 82. Qac3 b4 83. Q8c6#)
74... Kb4 75. Qd6+ (75. h4 Kc5 76. h5 a2 77. h6 Kd4 78. Qxa2 Kc5 79. h7 Kd6 80.
h8=Q Kc7 81. Qd5 Kb6 82. Qb8+ Ka5 83. Qbxb5#) 75... Ka4 76. Qd1+ Kb4 (76... Ka5
{hardly improves anything} 77. h4 b4 78. h5 Kb5 79. h6 a2 80. h7 Kc6 81. Qc1+
Kd6 82. h8=Q a1=Q 83. Qd8+ Ke6 84. Qxa1 b3 85. Qaf6#) 77. h4 a2 (77... Kc5 {
cannot undo what has already been done} 78. h5 a2 79. h6 Kc6 80. Qc1+ Kd5 81.
h7 a1=Q 82. Qxa1 b4 83. h8=Q Kc6 84. Qc8+ Kd5 85. Kf4 b3 86. Qe5#) 78. h5 Ka3 (
78... Kc5 {doesn't do any good} 79. h6 Kc6 80. Qc1+ Kd5 81. h7 Kd6 82. h8=Q
a1=Q 83. Qd8+ Ke6 84. Qxa1 b4 85. Qaf6#) 79. Qc1+ Kb3 (79... Kb4 {does not
save the day} 80. h6 Kb3 81. h7 a1=Q 82. Qxa1 b4 83. h8=Q Kc4 84. Qhd4+ Kb5 85.
Qd5+ Kb6 86. Qaa5#) 80. h6 (80. h6 b4 81. h7 a1=Q 82. Qxa1 Kc4 83. h8=Q Kb5 84.
Qhd4 Kc6 85. Qa6+ Kc7 86. Qdd6#) 1-0

[Event "Hokkaido.Ch2022"]
[Site "?"]
[Date "2022.03.27"]
[Round "5.1"]
[White "Kimura, Ryota"]
[Black "Sugimoto, Koichi"]
[Result "0-1"]
[WhiteElo "1681"]
[BlackElo "1978"]
[Annotator "Fritz 11 SE (30s)"]
[PlyCount "76"]
[SourceVersionDate "2022.03.28"]

{[%mdl 8192] B01: Scandinavian Defence} 1. e4 d5 2. exd5 Qxd5 3. Nc3 Qd6 4. d4
Nf6 5. Nf3 c6 6. g3 Bg4 7. Bg2 e6 8. O-O Nbd7 9. Bf4 Qb4 {Black threatens to
win material: Qb4xb2} 10. Qd3 $146 (10. Qd2 Bd6 (10... Bxf3 11. Bxf3 Bd6 12.
Be3 O-O 13. a3 Qa5 14. Qd3 Qc7 15. Ne4 Nxe4 16. Qxe4 Rae8 17. Qd3 f5 18. Rae1
e5 19. Qb3+ Kh8 20. dxe5 Nxe5 21. Bh5 Ra8 22. Rd1 Rad8 23. Bxa7 Nd7 24. Bd4 c5
25. Bc3 {Navara,D (2707)-Laylo,D (2552) Khanty-Mansiysk 2009 1-0 (41)}) (10...
Be7 11. a3 (11. Ne5 Nxe5 12. dxe5 Rd8 13. Qc1 Nd5 14. Nxd5 cxd5 15. c3 Qc5 16.
Bg5 O-O 17. Bxe7 Qxe7 18. Qe3 b6 19. Rfe1 Qc5 20. Qf4 Bh5 21. Qh4 Bg6 22. Rad1
Qc4 23. Qxc4 dxc4 24. f3 Bc2 25. Rxd8 Rxd8 {Aghabekian,L (2191)-Aginian,N 
(2308) Yerevan 2008 1/2-1/2 (41)}) 11... Qb6 12. Rfe1 O-O 13. h3 Bh5 14. Na4
Qd8 15. c4 Nb6 16. Nxb6 axb6 17. Rad1 Bd6 18. Be5 Qe7 19. Qg5 Bg6 20. Qf4 Rfd8
21. Rd2 b5 22. cxb5 Nd5 23. Bxd6 Rxd6 24. Qe5 cxb5 25. Rc1 {Ni,S (2213)-Ning,C
(2303) China 2013 1/2-1/2 (34)}) (10... h6 11. Ne5 Nxe5 12. Bxe5 Be7 13. a3 Qb6
14. b3 O-O 15. Rfe1 Bf5 16. Ne4 Bxe4 17. Bxe4 Rad8 18. Bd3 Ng4 19. Re4 Nxe5 20.
dxe5 Bg5 21. Qe2 Rd4 22. Rxd4 Qxd4 23. Rd1 Kh8 24. h4 Bd8 25. Bc4 {Kochetkova,
J (2315)-Akatova,E (2261) St Petersburg 2009 1-0}) 11. Ne5 Bf5 12. a3 Qa5 13.
Nxd7 {1-0 (13) Rasulov,V (2392)-Opinca,S (2175) Herceg Novi 2008}) (10. Qd2 Be7
$16) 10... Be7 $14 11. Rfe1 O-O {White has a very active position} 12. Ne5 {
White has an active position} (12. a3 Qb6 $11 (12... Qxb2 $4 {that pawn is
deadly bait and will cause Black grave problems} 13. Reb1 Bf5 14. Rxb2 Bxd3 15.
cxd3 $18)) 12... Bf5 $11 {Black threatens to win material: Bf5xd3} 13. Ne4 Rad8
(13... Rfd8 14. c3 Qb6 15. Nc4 $11) 14. c3 {White threatens to win material:
c3xb4} (14. a3 Qb6 15. Nc4 Bxe4 16. Qxe4 Nxe4 17. Nxb6 axb6 18. Bxe4 Nf6 $11)
14... Qa5 (14... Qb6 15. Nc4 Qa6 16. Ne5 $11) 15. Nxf6+ Nxf6 16. Qc4 Nd5 17.
Bd2 Qc7 18. Be4 (18. Qb3 h6 $11) 18... Bxe4 19. Rxe4 Bd6 20. Rae1 Nf6 21. R4e2
c5 22. Bg5 cxd4 23. Qxd4 Be7 24. Qh4 h6 {Black threatens to win material: h6xg5
} 25. Bc1 Rd5 26. Qc4 {White threatens to win material: Qc4xc7} (26. c4 Ra5 27.
a3 Bd6 $11) 26... Rc5 27. Qb3 Bd6 {Black threatens to win material: Bd6xe5} 28.
Nd3 {White threatens to win material: Nd3xc5} Rh5 29. Bf4 Ng4 (29... Rd8 30.
Bxd6 Rxd6 31. Ne5 $11) 30. Bxd6 {White forks: f8+c7} Qxd6 31. Nf4 {White
threatens to win material: Nf4xh5} Rxh2 32. Rxe6 $4 {White lets it slip away} (
32. Qxb7 $142 {and White can hope to live} Qc5 33. Nd3 $11) 32... Qc5 $19 (
32... fxe6 $6 {is clearly worse} 33. Rxe6 Qd1+ 34. Qxd1 Rh1+ 35. Kxh1 Nxf2+ 36.
Kg1 Nxd1 37. Re7 $11) 33. Nd3 $4 {White falls apart} (33. R6e2 $142 Rxf2 34.
Qb4 Rxe2+ 35. Qxc5 Rxe1+ 36. Kg2 $19) 33... Qh5 34. Re8 (34. Qxb7 {hoping
against hope} Rxf2 35. Qh1 Qxh1+ 36. Kxh1 Rh2+ 37. Kg1 fxe6 38. Re4 $19) 34...
Rh1+ (34... Rxf2 $1 35. Rxf8+ Kh7 36. Rh8+ Kxh8 37. Re8+ Kh7 38. Rh8+ Kxh8 39.
Nxf2 Qh2+ 40. Kf1 Qxf2#) 35. Kg2 $19 Qh3+ 36. Kf3 Nh2+ 37. Ke4 Rxe8+ 38. Kd4
Rhxe1 (38... Rhxe1 39. Nxe1 b6 $19) 0-1